[Event "14th EUR-ch"]
[Site "Legnica POL"]
[Date "2013.05.13"]
[Round "8"]
[White "Gagunashvili, Merab"]
[Black "Blubaum, Matthias"]
[Result "1/2-1/2"]
[WhiteElo "2592"]
[BlackElo "2511"]
[EventDate "2013.05.05"]
[PlyCount "139"]

1.d4 d5 2.c4 c6 3.Nf3 Nf6 4.Nc3 dxc4 5.a4 Bf5 6.Ne5 Nbd7 7.Nxc4 Nb6 8.Ne5 
a5 9.e3 h6 10.f3 e6 11.e4 Bh7 12.Be3 Bb4 13.Be2 O-O 14.O-O Qe7 15.Nd3 Nfd7
16.Nxb4 axb4 17.Nb1 e5 18.Nd2 exd4 19.Bxd4 Nc5 20.a5 Rfd8 21.Be3 Nd5 22.
Bxh6 gxh6 23.exd5 Rxd5 24.Bc4 Qe3+ 25.Rf2 Nd3 26.Bxd3 Bxd3 27.g3 Raxa5 28.
Rxa5 Rxa5 29.Nc4 Bxc4 30.Qd8+ Kg7 31.Qxa5 c5 32.Qa1 Bd3 33.Kg2 b5 34.b3+ 
f6 35.Qa7+ Kg6 36.Qb8 h5 37.Qg8+ Kh6 38.Qf7 Qe5 39.Ra2 c4 40.Qf8+ Kg6 41.
Qxb4 c3 42.h4 Qe3 43.Qf4 Qxf4 44.gxf4 b4 45.Kf2 Bc4 46.Ke3 Bxb3 47.f5+ Kh6
48.Ra1 Bd5 49.Kd3 Bxf3 50.Rf1 Bg4 51.Rf4 Kg7 52.Rxb4 Bxf5+ 53.Kxc3 Kg6 54.
Kd4 Bg4 55.Ke4 Be2 56.Rb2 Bg4 57.Rf2 Bd1 58.Kd5 Bg4 59.Kd6 Kf7 60.Rf4 Bh3 
61.Ra4 Bg4 62.Ra7+ Kf8 63.Rh7 Kg8 64.Rc7 Kf8 65.Ra7 Bf5 66.Ra5 Bg4 67.Ra2 
Kf7 68.Ra5 Kf8 69.Ra7 Bf5 70.Ra4 1/2-1/2

[Event "14th EUR-ch"]
[Site "Legnica POL"]
[Date "2013.05.13"]
[Round "8"]
[White "Ardelean, George-Catalin"]
[Black "Kempinski, Robert"]
[Result "0-1"]
[WhiteElo "2510"]
[BlackElo "2580"]
[EventDate "2013.05.05"]
[PlyCount "68"]

1.e4 c5 2.c3 Nf6 3.e5 Nd5 4.d4 cxd4 5.Nf3 d6 6.cxd4 Nc6 7.Bc4 Nb6 8.Bb3 
dxe5 9.d5 Na5 10.Nc3 g6 11.Nxe5 Bg7 12.Ba4+ Bd7 13.Nxd7 Nxd7 14.Qg4 Rc8 
15.Qb4 Rc4 16.Qa3 Bxc3+ 17.bxc3 Re4+ 18.Be3 Nc4 19.Qb4 O-O 20.O-O-O Nxe3 
21.Qxe4 Nxd1 22.Rxd1 Nc5 23.Qb4 Qc7 24.Bc2 Rc8 25.Qh4 b5 26.Qg3 Qa5 27.Kb2
b4 28.c4 Qa6 29.Rd4 Qf6 30.Qf4 Qg7 31.Kb1 e5 32.Qg4 f5 33.Bxf5 gxf5 34.
Qxf5 Rf8 0-1

[Event "14th EUR-ch"]
[Site "Legnica POL"]
[Date "2013.05.13"]
[Round "8"]
[White "Airapetian, Yury"]
[Black "Kotronias, Vasilios"]
[Result "0-1"]
[WhiteElo "2498"]
[BlackElo "2580"]
[EventDate "2013.05.05"]
[PlyCount "98"]

1.d4 Nf6 2.c4 g6 3.Nc3 Bg7 4.e4 d6 5.f4 c5 6.d5 O-O 7.Nf3 e6 8.Be2 exd5 9.
cxd5 Bg4 10.O-O Nbd7 11.h3 Bxf3 12.Bxf3 a6 13.g4 h6 14.Qc2 b5 15.e5 dxe5 
16.g5 Ne8 17.f5 hxg5 18.d6 e4 19.Nxe4 Bd4+ 20.Kh1 f6 21.fxg6 Ra7 22.Ng3 
Nb6 23.Qb3+ Kh8 24.Nf5 Nxd6 25.g7+ Rxg7 26.Nxg7 Kxg7 27.Bg2 Nbc4 28.Qg3 
Rh8 29.Rb1 Rh4 30.b3 Ne5 31.Rxf6 Rg4 32.Rxd6 Qxd6 33.hxg4 Qg6 34.Bxg5 
Qxb1+ 35.Kh2 Qxa2 36.Bf4 Qe2 37.Kh3 Ng6 38.Bg5 Be5 39.Qf3 Nf4+ 40.Bxf4 
Qxf3+ 41.Bxf3 Bxf4 42.Kh4 Kf6 43.Be2 Ke5 44.g5 Kd4 45.Kg4 Bxg5 46.Kxg5 Kc3
47.Bd1 Kd2 48.Bg4 c4 49.bxc4 bxc4 0-1

[Event "14th EUR-ch"]
[Site "Legnica POL"]
[Date "2013.05.13"]
[Round "8"]
[White "Kislinsky, Alexey"]
[Black "Gallagher, Joseph"]
[Result "0-1"]
[WhiteElo "2574"]
[BlackElo "2507"]
[EventDate "2013.05.05"]
[PlyCount "52"]

1.e4 c5 2.Nc3 Nc6 3.Nf3 d6 4.d4 cxd4 5.Nxd4 e6 6.g4 a6 7.Bg2 Nge7 8.g5 b5 
9.h4 Bb7 10.f4 Rc8 11.Nde2 Qa5 12.Qd2 Rd8 13.f5 b4 14.fxe6 fxe6 15.Nd1 Ng6
16.Ne3 Be7 17.Qd3 O-O 18.Qb3 Kh8 19.Bd2 Qb5 20.c4 Qc5 21.Qc2 Nge5 22.Rh3 
a5 23.b3 Nd4 24.Nxd4 Qxd4 25.O-O-O Rf2 26.Bh1 Qa1+ 0-1

[Event "14th EUR-ch"]
[Site "Legnica POL"]
[Date "2013.05.13"]
[Round "8"]
[White "Tratar, Marko"]
[Black "Mista, Aleksander"]
[Result "0-1"]
[WhiteElo "2498"]
[BlackElo "2574"]
[EventDate "2013.05.05"]
[PlyCount "162"]

1.Nf3 c5 2.c4 Nc6 3.Nc3 e5 4.e3 Nf6 5.Be2 h6 6.d4 e4 7.Nd2 cxd4 8.exd4 Bb4
9.O-O O-O 10.Ndxe4 Nxe4 11.Nxe4 d5 12.cxd5 Qxd5 13.Nc3 Qxd4 14.Be3 Qe5 15.
Qb3 Be6 16.Qc2 Nd4 17.Bxd4 Qxd4 18.Bf3 Rab8 19.Rfd1 Qe5 20.Nd5 Rfc8 21.Qe4
Qxe4 22.Bxe4 Rc4 23.Bf3 Bc5 24.Rac1 Rxc1 25.Rxc1 Rc8 26.Kf1 b6 27.b4 Bd6 
28.Rxc8+ Bxc8 29.h4 f5 30.Be2 Be6 31.Bf3 g5 32.hxg5 hxg5 33.g3 Kf7 34.Ke2 
Bd7 35.Kd2 Ke6 36.a3 Be5 37.Ne3 Bb2 38.Bd5+ Ke5 39.Bb3 Kd4 40.Bf7 Bc3+ 41.
Ke2 Bb5+ 42.Kf3 Bd3 43.Be6 Ke5 44.Bb3 g4+ 45.Kg2 b5 46.f3 Bd2 47.Nc2 Be2 
48.fxg4 fxg4 49.Kf2 Bd1 50.a4 bxa4 51.Bxa4 Ke4 52.Bc6+ Kd3 53.Ne1+ Kc3 54.
b5 Bg5 55.Ng2 Kd2 56.Nf4 Be7 57.Kg2 Bc5 58.Ne6 Be3 59.Ng7 Ba4 60.Nf5 Bc5 
61.Nh6 a6 62.Nxg4 Bxb5 63.Bd5 Bd4 64.Nf2 a5 65.Ne4+ Kd3 66.Nd6 Bd7 67.Kf3 
a4 68.Nc4 Kc3 69.g4 Bb5 70.Nd6 Bd3 71.g5 Be5 72.g6 Kb4 73.Nf7 Bg7 74.Ke3 
Bxg6 75.Nd8 Kc3 76.Ne6 Bh6+ 77.Kf3 a3 78.Ba2 Bd3 79.Nc7 Bc4 80.Nd5+ Kd4 
81.Nb4 Bxa2 0-1

[Event "14th EUR-ch"]
[Site "Legnica POL"]
[Date "2013.05.13"]
[Round "8"]
[White "Arizmendi Martinez, Julen Luis"]
[Black "Kanarek, Marcel"]
[Result "1-0"]
[WhiteElo "2571"]
[BlackElo "2474"]
[EventDate "2013.05.05"]
[PlyCount "69"]

1.d4 Nf6 2.c4 g6 3.Nc3 Bg7 4.e4 d6 5.Nf3 O-O 6.Be2 e5 7.O-O exd4 8.Nxd4 
Re8 9.f3 c6 10.Kh1 a5 11.Bg5 a4 12.Qd2 Qa5 13.Rad1 Na6 14.a3 Nd7 15.Bh6 
Bxh6 16.Qxh6 Nac5 17.f4 Nxe4 18.f5 Ndf6 19.Nxe4 Nxe4 20.f6 Nxf6 21.Rxf6 
Qe5 22.Rdf1 Re7 23.Bd3 Bf5 24.Nxf5 Qxf6 25.Nxe7+ Qxe7 26.Qf4 f5 27.Rd1 Ra5
28.Bf1 Re5 29.Qd2 d5 30.cxd5 cxd5 31.Qa5 Qd7 32.Rxd5 Rxd5 33.Bc4 b5 34.
Qa8+ Kg7 35.Qxd5 1-0

[Event "14th EUR-ch"]
[Site "Legnica POL"]
[Date "2013.05.13"]
[Round "8"]
[White "Neverov, Valeriy"]
[Black "Papp, Gabor"]
[Result "1/2-1/2"]
[WhiteElo "2489"]
[BlackElo "2570"]
[EventDate "2013.05.05"]
[PlyCount "123"]

1.d4 Nf6 2.c4 e6 3.Nf3 b6 4.Nc3 Bb7 5.Bg5 Be7 6.Qc2 d5 7.cxd5 exd5 8.g3 
O-O 9.Bg2 Nbd7 10.O-O Re8 11.Rfd1 Nf8 12.Rac1 Ne6 13.Bxf6 Bxf6 14.b4 c5 
15.dxc5 bxc5 16.bxc5 Rc8 17.Qb1 Nxc5 18.Nd4 Rb8 19.e3 Ne6 20.Qb5 Ba8 21.
Qa4 a5 22.Nb3 Rb4 23.Qxa5 Qxa5 24.Nxa5 d4 25.Nc6 Rc4 26.Nd5 Rxc1 27.Rxc1 
dxe3 28.Nxf6+ gxf6 29.fxe3 Kg7 30.Rc2 Ng5 31.Nd4 Kg6 32.h4 Ne4 33.Ne2 Nd6 
34.Nf4+ Kh6 35.Bxa8 Rxa8 36.Kg2 Ra3 37.Rc6 Rxa2+ 38.Kf3 Rd2 39.e4 Kg7 40.
Nh5+ Kg6 41.Nf4+ Kg7 42.Nd5 Nf5 43.Kg4 Nd4 44.Rd6 Rf2 45.Ne7 Kf8 46.Rxd4 
Kxe7 47.Kh5 Rg2 48.Rd3 Re2 49.Kh6 Rxe4 50.Kxh7 Rg4 51.Ra3 f5 52.h5 f4 53.
gxf4 Rxf4 54.Rg3 f5 55.Rg6 Kf7 56.Rg5 Kf6 57.Rg8 Rg4 58.Rf8+ Ke5 59.h6 f4 
60.Rg8 Rh4 61.Re8+ Kd4 62.Kg6 1/2-1/2

[Event "14th EUR-ch"]
[Site "Legnica POL"]
[Date "2013.05.13"]
[Round "8"]
[White "Kreisl, Robert"]
[Black "Moranda, Wojciech"]
[Result "1-0"]
[WhiteElo "2380"]
[BlackElo "2560"]
[EventDate "2013.05.05"]
[PlyCount "81"]

1.Nf3 Nf6 2.c4 g6 3.Nc3 Bg7 4.e4 d6 5.d4 O-O 6.Be2 e5 7.O-O Na6 8.Be3 Ng4 
9.Bg5 Qe8 10.h3 h6 11.Bh4 exd4 12.Nd5 g5 13.hxg4 gxh4 14.Nxh4 Be5 15.g3 c6
16.Nf4 Bxf4 17.gxf4 Qxe4 18.f5 Nc5 19.Qd2 Kh7 20.b4 Nd7 21.Rae1 Qe7 22.Kg2
Qxh4 23.Rh1 Qf6 24.Rxh6+ Qxh6 25.Rh1 Qxh1+ 26.Kxh1 Re8 27.f6 Rxe2 28.Qxe2 
Nxf6 29.g5 Ng4 30.Qe4+ Kg8 31.Qe8+ Kg7 32.f3 Ne3 33.Qd8 Be6 34.Qxa8 d3 35.
Qxa7 c5 36.Qa3 Bxc4 37.Qc1 Nc2 38.Qf4 Nd4 39.bxc5 dxc5 40.Qe5+ Kg8 41.Qxc5
1-0

[Event "14th EUR-ch"]
[Site "Legnica POL"]
[Date "2013.05.13"]
[Round "8"]
[White "Grandelius, Nils"]
[Black "Antipov, Mikhail"]
[Result "1/2-1/2"]
[WhiteElo "2556"]
[BlackElo "2464"]
[EventDate "2013.05.05"]
[PlyCount "84"]

1.d4 Nf6 2.c4 e6 3.Nf3 c5 4.d5 b5 5.Bg5 exd5 6.cxd5 h6 7.Bxf6 Qxf6 8.Qc2 
d6 9.e4 a6 10.a4 b4 11.Nbd2 Bg4 12.Be2 Nd7 13.O-O g6 14.Nc4 Bxf3 15.Bxf3 
Ne5 16.Nd2 h5 17.Be2 Bh6 18.g3 g5 19.Nc4 Nxc4 20.Bxc4 Bg7 21.b3 Qh6 22.
Rae1 Bd4 23.Qd3 g4 24.h4 gxh3 25.Bxa6 h4 26.Kh2 Rg8 27.Kh1 h2 28.Bb7 Ra7 
29.Bc8 Kd8 30.Bf5 Be5 31.Qb5 Ke7 32.Qb6 Raa8 33.Qb7+ Kf6 34.f4 hxg3 35.
fxe5+ Kxe5 36.Bh3 g2+ 37.Bxg2 Rxg2 38.Qe7+ Kd4 39.Kxg2 h1=Q+ 40.Rxh1 Qd2+ 
41.Kf3 Qd3+ 42.Kf4 Qd2+ 1/2-1/2

[Event "14th EUR-ch"]
[Site "Legnica POL"]
[Date "2013.05.13"]
[Round "8"]
[White "Butkiewicz, Lukasz"]
[Black "Tomashevsky, Evgeny"]
[Result "0-1"]
[WhiteElo "2410"]
[BlackElo "2719"]
[EventDate "2013.05.05"]
[PlyCount "120"]

1.e4 e5 2.Nf3 Nc6 3.Bb5 a6 4.Ba4 Nf6 5.O-O Be7 6.Bxc6 dxc6 7.d3 Nd7 8.Nbd2
f6 9.Nc4 Nc5 10.b3 Bg4 11.Ne3 Bh5 12.Nf5 Ne6 13.Be3 Qd7 14.Ng3 Bf7 15.d4 
exd4 16.Nxd4 Nxd4 17.Qxd4 Qxd4 18.Bxd4 O-O-O 19.Rad1 Rhe8 20.Bc3 Bf8 21.
Rfe1 c5 22.f3 b5 23.Nf5 b4 24.Bb2 c4 25.Kf1 a5 26.Ne3 c3 27.Bc1 Kb7 28.
Rxd8 Rxd8 29.Rd1 Ra8 30.Ke2 a4 31.Nd5 axb3 32.axb3 Ra2 33.Kd3 c6 34.Ne3 
Kb6 35.Nc4+ Kb5 36.Bf4 Ra8 37.Nd6+ Bxd6 38.Bxd6 c5 39.Ke3 Ra2 40.Rc1 h5 
41.Bf8 g6 42.Be7 f5 43.h4 fxe4 44.fxe4 Be6 45.Bd6 Bg4 46.Bf8 Ra8 47.Rf1 
Re8 48.Bg7 Rd8 49.Rf2 Rd1 50.Bf8 Re1+ 51.Kd3 Be6 52.Bh6 Bc8 53.Re2 Rd1+ 
54.Ke3 c4 55.bxc4+ Kxc4 56.Kf4 Bg4 57.Re3 Rf1+ 58.Kg3 Rc1 59.e5 Rxc2 60.e6
Bxe6 0-1

[Event "14th EUR-ch"]
[Site "Legnica POL"]
[Date "2013.05.13"]
[Round "8"]
[White "Kozul, Zdenko"]
[Black "Can, Emre"]
[Result "1-0"]
[WhiteElo "2624"]
[BlackElo "2471"]
[EventDate "2013.05.05"]
[PlyCount "129"]

1.d4 Nf6 2.Nf3 g6 3.c4 Bg7 4.Nc3 O-O 5.e4 d6 6.Be2 e5 7.O-O Nc6 8.d5 Ne7 
9.b4 Nh5 10.Re1 a5 11.bxa5 c5 12.a4 Rxa5 13.Ra3 Nf6 14.g3 Nd7 15.Bf1 Ra6 
16.Bh3 h6 17.Nh4 f5 18.exf5 gxf5 19.f4 e4 20.Nb5 Nf6 21.Bb2 Bd7 22.Bc3 Kh7
23.Qa1 h5 24.Rb1 Rf7 25.a5 Bc8 26.Rbb3 Ne8 27.Bxg7 Nxg7 28.Nc3 Ng6 29.Nxg6
Kxg6 30.Nd1 Ne8 31.Ne3 Nf6 32.Rb5 Ng4 33.Bxg4 hxg4 34.Nd1 Qf6 35.Qxf6+ 
Kxf6 36.Rb6 Rc7 37.Nc3 Bd7 38.Rxa6 bxa6 39.Rb3 Ke7 40.Rb8 Rc8 41.Rb6 Ra8 
42.Kg2 Ra7 43.h3 gxh3+ 44.Kxh3 Bc8 45.Kg2 Rd7 46.Rb1 Rc7 47.Na4 Bd7 48.Nb6
Be8 49.Rh1 Bg6 50.Rh8 Rb7 51.Kf2 Kf6 52.Ke3 Rg7 53.Rd8 Bf7 54.Rxd6+ Ke7 
55.Nc8+ Ke8 56.Kf2 Bh5 57.Rxa6 e3+ 58.Kxe3 Rxg3+ 59.Kd2 Rg2+ 60.Kc3 Rg3+ 
61.Kb2 Rg2+ 62.Ka3 Kd7 63.Nb6+ Kc7 64.Ra7+ Kb8 65.Re7 1-0

[Event "14th EUR-ch"]
[Site "Legnica POL"]
[Date "2013.05.13"]
[Round "8"]
[White "Roiz, Michael"]
[Black "Kjartansson, Gudmundur"]
[Result "1-0"]
[WhiteElo "2617"]
[BlackElo "2446"]
[EventDate "2013.05.05"]
[PlyCount "71"]

1.d4 d5 2.c4 c6 3.Nc3 Nf6 4.e3 g6 5.Nf3 Bg7 6.Bd3 O-O 7.O-O a6 8.a4 a5 9.
h3 Na6 10.e4 dxe4 11.Nxe4 Nb4 12.Nxf6+ exf6 13.Re1 Be6 14.Be3 Re8 15.Rc1 
Qd7 16.Bb1 Bf8 17.Nd2 f5 18.Nf3 f6 19.Bd2 Bd6 20.b3 Bf8 21.Rc3 Bd6 22.Rce3
Bc7 23.Bc3 Qf7 24.d5 cxd5 25.Bxb4 axb4 26.cxd5 Bd7 27.d6 Rxe3 28.Rxe3 Bd8 
29.Bd3 Kg7 30.Bc4 Qf8 31.Nd4 Ra5 32.Bb5 Qf7 33.Bxd7 Qxd7 34.Ne6+ Kh6 35.
Nxd8 Qxd8 36.d7 1-0

[Event "14th EUR-ch"]
[Site "Legnica POL"]
[Date "2013.05.13"]
[Round "8"]
[White "Meribanov, Vitaly"]
[Black "Durarbayli, Vasif"]
[Result "1-0"]
[WhiteElo "2431"]
[BlackElo "2597"]
[EventDate "2013.05.05"]
[PlyCount "113"]

1.e4 c6 2.d4 d5 3.Nd2 dxe4 4.Nxe4 Bf5 5.Ng3 Bg6 6.h4 h6 7.Nf3 Nd7 8.h5 Bh7
9.Bd3 Bxd3 10.Qxd3 e6 11.Bd2 Ngf6 12.O-O-O Be7 13.Qe2 Qb6 14.Ne5 Rd8 15.
Rhe1 c5 16.Nf5 exf5 17.Ba5 Qe6 18.Bxd8 Bxd8 19.Nxd7 Kxd7 20.Qb5+ Qc6 21.
Qc4 Kc8 22.Qxf7 Qd7 23.Qc4 Ne4 24.f3 Bg5+ 25.Kb1 Nd2+ 26.Rxd2 Bxd2 27.
Qxc5+ Qc7 28.Qxf5+ Kb8 29.Re2 Bf4 30.Re4 Bd6 31.Qg6 Qd7 32.Re6 Bc7 33.c3 
Qa4 34.b3 Qd7 35.Kb2 a6 36.Qe4 Ka7 37.g4 Rf8 38.c4 Rf6 39.Rxf6 gxf6 40.Kc3
Bg3 41.Qe3 Qc7 42.b4 a5 43.b5 Qd7 44.a4 Bb8 45.Qxh6 Qe7 46.c5 Bg3 47.b6+ 
Ka6 48.Qc1 Qe2 49.Kb3 Qxf3+ 50.Qc3 Qd1+ 51.Qc2 Qf3+ 52.Qc3 Qd1+ 53.Ka3 Qf1
54.Qxg3 f5 55.Qc3 f4 56.h6 Qf3 57.Kb3 1-0

[Event "14th EUR-ch"]
[Site "Legnica POL"]
[Date "2013.05.13"]
[Round "8"]
[White "Fauland, Alexander"]
[Black "Kuljasevic, Davorin"]
[Result "0-1"]
[WhiteElo "2449"]
[BlackElo "2578"]
[EventDate "2013.05.05"]
[PlyCount "54"]

1.c4 e5 2.g3 Nf6 3.Bg2 d5 4.cxd5 Nxd5 5.Nf3 Nc6 6.O-O Be7 7.d4 e4 8.Ne5 f5
9.Nxc6 bxc6 10.f3 exf3 11.Rxf3 O-O 12.Nc3 Be6 13.Qa4 Qd7 14.Nxd5 Bxd5 15.
Rc3 Qe6 16.Bxd5 cxd5 17.Bf4 Qxe2 18.Rxc7 Bf6 19.Rf1 Qxb2 20.Rd1 Qe2 21.Rb1
Qe4 22.Rd1 Rac8 23.h4 Rxc7 24.Bxc7 h6 25.Kh2 Rc8 26.Rc1 Bxd4 27.Qd7 Re8 
0-1

[Event "14th EUR-ch"]
[Site "Legnica POL"]
[Date "2013.05.13"]
[Round "8"]
[White "Khaetsky, Roman"]
[Black "Brkic, Ante"]
[Result "0-1"]
[WhiteElo "2426"]
[BlackElo "2575"]
[EventDate "2013.05.05"]
[PlyCount "58"]

1.e4 c5 2.Nf3 d6 3.d4 cxd4 4.Nxd4 Nf6 5.Nc3 a6 6.Bg5 e6 7.f4 Qc7 8.Qf3 b5 
9.e5 Bb7 10.Bxb5+ axb5 11.Ndxb5 Qc8 12.Qe2 dxe5 13.fxe5 Nfd7 14.O-O-O Bc6 
15.Rhf1 Bxb5 16.Nxb5 Nc6 17.Rd6 Ndxe5 18.Rfd1 f6 19.Qh5+ g6 20.Qh3 fxg5 
21.Rf1 g4 22.Qc3 Bh6+ 23.Kb1 Rf8 24.Rdd1 Rxf1 25.Rxf1 Qd7 26.Qc5 Rd8 27.a4
Qe7 28.Qb6 Rb8 29.Qf2 Bg7 0-1

[Event "14th EUR-ch"]
[Site "Legnica POL"]
[Date "2013.05.13"]
[Round "8"]
[White "Shomoev, Anton"]
[Black "Pacher, Milan"]
[Result "1-0"]
[WhiteElo "2561"]
[BlackElo "2470"]
[EventDate "2013.05.05"]
[PlyCount "83"]

1.e4 c5 2.Nf3 Nc6 3.d4 cxd4 4.Nxd4 Nf6 5.Nc3 e5 6.Ndb5 d6 7.Bg5 a6 8.Na3 
b5 9.Bxf6 gxf6 10.Nd5 f5 11.c3 Bg7 12.exf5 Bxf5 13.Nc2 O-O 14.Nce3 Be6 15.
Bd3 f5 16.O-O Ra7 17.a4 Ne7 18.Nxe7+ Rxe7 19.axb5 axb5 20.Ra6 d5 21.Bc2 f4
22.Rxe6 Rxe6 23.Nxd5 f3 24.g3 Qg5 25.Re1 Kh8 26.h4 Qg4 27.Ne3 Qh5 28.Be4 
Ree8 29.Qd3 b4 30.cxb4 Rd8 31.Nd5 Qg4 32.Re3 Qc8 33.Rxf3 Qc1+ 34.Kg2 Qxb2 
35.b5 Rxf3 36.Bxf3 e4 37.Bxe4 Bd4 38.Qf3 Bc5 39.Nf4 Rf8 40.Qh5 Qxf2+ 41.
Kh3 Qf1+ 42.Bg2 1-0

[Event "14th EUR-ch"]
[Site "Legnica POL"]
[Date "2013.05.13"]
[Round "8"]
[White "Grigorian, Karen"]
[Black "Skytte, Rasmus"]
[Result "1/2-1/2"]
[WhiteElo "2559"]
[BlackElo "2426"]
[EventDate "2013.05.05"]
[PlyCount "54"]

1.e4 e6 2.d4 d5 3.Nc3 Nf6 4.e5 Nfd7 5.Nf3 c5 6.dxc5 Nc6 7.Bf4 Nxc5 8.Nb5 
Qb6 9.Be2 a6 10.Nd6+ Bxd6 11.exd6 Qb4+ 12.Bd2 Qxb2 13.Rb1 Qa3 14.O-O O-O 
15.Bc1 Qa5 16.c4 Ne4 17.Bd3 h6 18.Bxe4 dxe4 19.Nd4 Qxa2 20.Bxh6 gxh6 21.
Nxc6 bxc6 22.Qg4+ Kh8 23.Qf4 Kg7 24.Qg4+ Kh8 25.Qf4 Kg7 26.Qg4+ Kh8 27.Qf4
Kg7 1/2-1/2

[Event "14th EUR-ch"]
[Site "Legnica POL"]
[Date "2013.05.13"]
[Round "8"]
[White "Jianu, Vlad-Cristian"]
[Black "Firat, Burak"]
[Result "1-0"]
[WhiteElo "2555"]
[BlackElo "2421"]
[EventDate "2013.05.05"]
[PlyCount "99"]

1.Nf3 d5 2.c4 c6 3.e3 Nf6 4.d4 e6 5.b3 c5 6.cxd5 Nxd5 7.Be2 Nc6 8.O-O Be7 
9.Bb2 cxd4 10.Nxd4 Nxd4 11.Bxd4 O-O 12.Bf3 b6 13.Nc3 Bb7 14.Bxd5 Bxd5 15.
Qg4 Bf6 16.Bxf6 Qxf6 17.Nxd5 exd5 18.Rad1 Rfd8 19.Rd4 Rd6 20.Rfd1 Rad8 21.
h3 h6 22.R1d2 Kf8 23.e4 Qe5 24.f4 Qe6 25.Qd1 Ke7 26.exd5 Qe3+ 27.Kh2 Kf8 
28.R2d3 Qe7 29.Qf3 Qd7 30.h4 Qe7 31.h5 Qh4+ 32.Qh3 Qf6 33.Qf3 Qh4+ 34.Qh3 
Qf6 35.Qg4 Qe7 36.Kh3 Qb7 37.Qf5 Kg8 38.Kh2 Qe7 39.Re4 Qb7 40.Re5 Qd7 41.
Qe4 Qg4 42.Kg1 f6 43.Re7 Qxh5 44.Rg3 Qd1+ 45.Kh2 Qh5+ 46.Kg1 Qd1+ 47.Kh2 
Qh5+ 48.Rh3 Qg4 49.Rxh6 R8d7 50.Rh8+ 1-0

[Event "14th EUR-ch"]
[Site "Legnica POL"]
[Date "2013.05.13"]
[Round "8"]
[White "Kolosowski, Mateusz"]
[Black "Pap, Gyula"]
[Result "1-0"]
[WhiteElo "2421"]
[BlackElo "2539"]
[EventDate "2013.05.05"]
[PlyCount "61"]

1.c4 g6 2.d4 Bg7 3.Nf3 Nf6 4.g3 O-O 5.Bg2 d6 6.O-O Nbd7 7.Nc3 e5 8.e4 exd4
9.Nxd4 a6 10.b3 Re8 11.Bb2 Rb8 12.a4 Nc5 13.f3 a5 14.Ndb5 Bd7 15.Ne2 Ra8 
16.Bd4 Qb8 17.Ra2 c6 18.Nbc3 Qc7 19.Rd2 Qb6 20.Nc1 h5 21.Kh1 Qc7 22.N3e2 
b5 23.cxb5 cxb5 24.Nc3 b4 25.N3e2 Rac8 26.Nf4 Qb7 27.Bb2 Ne6 28.Nce2 h4 
29.Rxd6 Rc7 30.Bxf6 Bxf6 31.Nd5 1-0

[Event "14th EUR-ch"]
[Site "Legnica POL"]
[Date "2013.05.13"]
[Round "8"]
[White "Rzayev, Bahruz"]
[Black "Prizant, Jaroslav"]
[Result "1/2-1/2"]
[WhiteElo "2411"]
[BlackElo "2537"]
[EventDate "2013.05.05"]
[PlyCount "81"]

1.Nf3 c5 2.g3 Nc6 3.Bg2 g6 4.O-O Bg7 5.c4 e5 6.Nc3 Nge7 7.a3 O-O 8.Ne1 d6 
9.Nc2 Be6 10.Ne3 Qd7 11.Ned5 Bh3 12.d3 Bxg2 13.Kxg2 Nxd5 14.Nxd5 Ne7 15.e4
Nxd5 16.cxd5 a5 17.a4 f5 18.Qb3 b6 19.Ra3 Bf6 20.Qb5 Qxb5 21.axb5 h5 22.f3
Ra7 23.Ra4 Raf7 24.Bh6 Re8 25.Bd2 Be7 26.b3 h4 27.Raa1 Rh7 28.Rae1 Rf8 29.
Re2 Rg7 30.Ref2 Bf6 31.g4 fxg4 32.h3 g5 33.Ra1 Rb7 34.Be1 Rc8 35.Rc2 Rbc7 
36.Ra4 Rd8 37.Rcc4 Kf7 38.Kf1 Ke8 39.Ke2 Kd7 40.Kd1 Ke7 41.Ke2 1/2-1/2

[Event "14th EUR-ch"]
[Site "Legnica POL"]
[Date "2013.05.13"]
[Round "8"]
[White "Kanovsky, David"]
[Black "Zoler, Dan"]
[Result "0-1"]
[WhiteElo "2404"]
[BlackElo "2533"]
[EventDate "2013.05.05"]
[PlyCount "106"]

1.e4 e5 2.Nf3 Nc6 3.Bc4 Nf6 4.Ng5 d5 5.exd5 Na5 6.Bb5+ c6 7.dxc6 bxc6 8.
Bd3 h6 9.Ne4 Nd5 10.Ng3 g6 11.O-O Bg7 12.Re1 O-O 13.Bf1 Rb8 14.d3 Qc7 15.
Nd2 Rd8 16.Nf3 Nb7 17.c4 Nf4 18.Qc2 c5 19.Bd2 Bd7 20.Bc3 Bc6 21.Re3 Re8 
22.Rae1 Rbd8 23.Nd2 Re6 24.Ne2 Nh5 25.Ng3 Nf4 26.b3 Re7 27.Nf3 Rde8 28.Qb2
f6 29.Ne4 Ne6 30.Nh4 Kh7 31.Rg3 Nf4 32.Qa3 Bd7 33.Qxa7 g5 34.Nf3 Nh5 35.
Nxc5 Bc8 36.Ne4 g4 37.Nh4 f5 38.Nxf5 Bxf5 39.Rge3 Nf4 40.Bb4 Rd7 41.d4 
Rxd4 42.Nd6 Rxd6 43.Bxd6 Qxd6 44.Qxb7 Re7 45.Qb5 Qf6 46.a4 e4 47.a5 Qf7 
48.Rd1 Bg6 49.Rd2 Nd3 50.Qc6 Bc3 51.Rc2 Bd4 52.Qd6 Bc5 53.Qd5 Qf6 0-1

[Event "14th EUR-ch"]
[Site "Legnica POL"]
[Date "2013.05.13"]
[Round "8"]
[White "Petr, Martin"]
[Black "Kriebel, Tadeas"]
[Result "1/2-1/2"]
[WhiteElo "2523"]
[BlackElo "2388"]
[EventDate "2013.05.05"]
[PlyCount "87"]

1.d4 Nf6 2.c4 g6 3.g3 Bg7 4.Bg2 d5 5.cxd5 Nxd5 6.e4 Nb6 7.Ne2 c5 8.d5 O-O 
9.O-O e6 10.Nec3 Na6 11.a4 exd5 12.exd5 Bf5 13.Na3 Nb4 14.Qb3 a5 15.Be3 
Rc8 16.d6 Bc2 17.Nxc2 c4 18.Qa3 Nxc2 19.Bxb6 Qxb6 20.Nd5 Qd8 21.Ne7+ Kh8 
22.Qa2 Nxa1 23.Nxc8 Nb3 24.Bxb7 Nc5 25.Bd5 Qxc8 26.Qxc4 Ne6 27.Qb5 Qd8 28.
Bxe6 fxe6 29.Rd1 Qf6 30.Rd2 Qf3 31.Qc4 Qf5 32.d7 Bf6 33.h4 Bd8 34.Qd4+ Kg8
35.Kh2 Rf7 36.b4 axb4 37.Qxb4 Rf8 38.Qd4 Qa5 39.Re2 Qb6 40.Qxb6 Bxb6 41.
Rxe6 Bd8 42.f4 Kf7 43.Ra6 Be7 44.a5 1/2-1/2

[Event "14th EUR-ch"]
[Site "Legnica POL"]
[Date "2013.05.13"]
[Round "8"]
[White "Predke, Alexander"]
[Black "Pasiev, Rakhim"]
[Result "0-1"]
[WhiteElo "2494"]
[BlackElo "2379"]
[EventDate "2013.05.05"]
[PlyCount "82"]

1.Nf3 Nf6 2.d4 d6 3.Nc3 c6 4.e4 Bg4 5.h3 Bh5 6.Qe2 e6 7.g4 Bg6 8.g5 Nh5 9.
Nh4 e5 10.Nf5 Qb6 11.dxe5 dxe5 12.Bd2 Nf4 13.Qc4 Bh5 14.Be3 Qa5 15.h4 b5 
16.Qb3 Nd7 17.Rg1 Ne6 18.a3 g6 19.Nh6 Bxh6 20.gxh6 Nd4 21.Bxd4 exd4 22.Bh3
Ne5 23.Rg3 dxc3 24.Qxc3 Qxc3+ 25.Rxc3 Rd8 26.Bg2 O-O 27.f4 Ng4 28.Rxc6 
Rfe8 29.Rc5 Ne3 30.Bh1 Nd5 31.Rxb5 Nxf4 32.Kf2 Ne6 33.Ke3 Nd4 34.Rc5 Nf5+ 
35.Kf4 Nxh6 36.Rc7 Rd2 37.Rc1 f5 38.Re1 Ng4 39.Kg3 Nf2 40.Kf4 Nxh1 41.Rxh1
Rg2 0-1

[Event "14th EUR-ch"]
[Site "Legnica POL"]
[Date "2013.05.13"]
[Round "8"]
[White "Deac, Bogdan-Daniel"]
[Black "Muzychuk, Mariya"]
[Result "1-0"]
[WhiteElo "2183"]
[BlackElo "2483"]
[EventDate "2013.05.05"]
[PlyCount "108"]

1.d4 Nf6 2.c4 e6 3.Nf3 c5 4.d5 b5 5.dxe6 fxe6 6.cxb5 d5 7.Nc3 Nbd7 8.e4 d4
9.e5 Ng4 10.Ng5 Ndxe5 11.f4 dxc3 12.Qxd8+ Kxd8 13.fxe5 cxb2 14.Bxb2 Ke8 
15.Bd3 Ne3 16.Kd2 Be7 17.Ne4 Nf5 18.g4 Nd4 19.Bxd4 cxd4 20.Rhc1 Bb7 21.Rc7
Bd5 22.Rac1 Kd8 23.Rxe7 Kxe7 24.Rc7+ Kf8 25.h4 Bxa2 26.h5 Bd5 27.Nd6 Kg8 
28.g5 Bf3 29.h6 gxh6 30.gxh6 Bh5 31.Be4 Rb8 32.Rxa7 Kf8 33.b6 Rg8 34.Rc7 
Bg6 35.Bxg6 Rxg6 36.b7 Rxb7 37.Rxb7 Rxh6 38.Kd3 Rh1 39.Kxd4 h5 40.Ne4 h4 
41.Rh7 Rd1+ 42.Ke3 Re1+ 43.Kf3 Rf1+ 44.Nf2 Re1 45.Ng4 Kg8 46.Rxh4 Kg7 47.
Ne3 Rb1 48.Rf4 Rb5 49.Nc4 Rc5 50.Ke3 Kg6 51.Kd4 Rd5+ 52.Kc3 Kg5 53.Rf8 Rd1
54.Rf6 Re1 1-0

[Event "14th EUR-ch"]
[Site "Legnica POL"]
[Date "2013.05.13"]
[Round "8"]
[White "Manea, Alexandru"]
[Black "Meier, Georg"]
[Result "0-1"]
[WhiteElo "2389"]
[BlackElo "2655"]
[EventDate "2013.05.05"]
[PlyCount "74"]

1.c4 b6 2.b3 Bb7 3.Nf3 Nf6 4.Bb2 e6 5.g3 c5 6.Bg2 Be7 7.O-O O-O 8.Nc3 a6 
9.d4 cxd4 10.Qxd4 d6 11.Ba3 Nc6 12.Qf4 Qb8 13.Rfd1 Rd8 14.Rac1 h6 15.h3 
Bf8 16.Rc2 Ne5 17.Rcd2 Ng6 18.Qe3 b5 19.cxb5 axb5 20.Bb4 Bxf3 21.Bxf3 d5 
22.Bxf8 Rxf8 23.Bg2 Rc8 24.Qd4 b4 25.Na4 Ra7 26.Qb2 Rac7 27.Bf3 Rc6 28.Bg2
Ne7 29.Qb1 Qe5 30.Nb2 Nf5 31.Nd3 Qb8 32.Nf4 Nd6 33.Rb2 Nb5 34.Re1 Nc3 35.
Qa1 e5 36.Nd3 e4 37.Nc1 d4 0-1

[Event "14th EUR-ch"]
[Site "Legnica POL"]
[Date "2013.05.13"]
[Round "8"]
[White "Macieja, Bartlomiej"]
[Black "Schroll, Gerhard"]
[Result "1-0"]
[WhiteElo "2600"]
[BlackElo "2387"]
[EventDate "2013.05.05"]
[PlyCount "91"]

1.d4 d5 2.c4 e6 3.Nc3 Nf6 4.cxd5 exd5 5.Bg5 Be7 6.e3 c6 7.Bd3 Nbd7 8.Qc2 
O-O 9.Nf3 Re8 10.O-O Nf8 11.h3 Be6 12.Rab1 Rc8 13.b4 N6d7 14.Bf4 Nb6 15.
Na4 Nxa4 16.Qxa4 a6 17.Qa5 f6 18.Nd2 Ra8 19.Qxd8 Rexd8 20.Rfc1 Bd7 21.a3 
Ne6 22.Bh2 Ng5 23.Nb3 Nf7 24.Nc5 Bc8 25.Bc7 Re8 26.a4 Bd6 27.Bb6 f5 28.b5 
axb5 29.axb5 f4 30.exf4 Bxf4 31.Re1 Rf8 32.Ra1 Rxa1 33.Rxa1 Nd6 34.bxc6 
bxc6 35.Bc7 Nc4 36.Bxf4 Rxf4 37.Ra8 Rf8 38.Ra7 g6 39.Rc7 Na5 40.Ra7 Nc4 
41.Rc7 Na5 42.g4 h5 43.f3 g5 44.Kg2 h4 45.Kf2 Re8 46.Bc2 1-0

[Event "14th EUR-ch"]
[Site "Legnica POL"]
[Date "2013.05.13"]
[Round "8"]
[White "Ernst, Thomas"]
[Black "Djukic, Nikola"]
[Result "1/2-1/2"]
[WhiteElo "2387"]
[BlackElo "2555"]
[EventDate "2013.05.05"]
[PlyCount "61"]

1.e4 c5 2.Nf3 Nc6 3.d4 cxd4 4.Nxd4 Qc7 5.Be2 e6 6.O-O Nf6 7.Nc3 a6 8.Be3 
Be7 9.f4 d6 10.a4 O-O 11.Kh1 Re8 12.Bf3 Rb8 13.g4 Nxd4 14.Bxd4 e5 15.fxe5 
dxe5 16.Ba7 Ra8 17.g5 Rd8 18.Qe2 Ne8 19.Be3 Be6 20.Bg4 Nd6 21.Bxe6 fxe6 
22.Qg4 Qc4 23.g6 hxg6 24.Qxg6 Rf8 25.Rg1 Rf7 26.Rg3 Bh4 27.Rg4 Bf6 28.Rg3 
Bh4 29.Rg4 Bf6 30.Rg3 Bh4 31.Rg4 1/2-1/2